Sports Quiz

Random Sports or Football Quiz
Score 0/28 Timer 06:00
1 Play Today
Голы Футболист % Correct
2Андрей Аршавин
97.6%
4Роман Павлюченко
95.4%
1Александр Кержаков
93.8%
3Артём Дзюба
91.4%
1Валерий Карпин
84.7%
1Дмитрий Сычёв
82.8%
3Алан Дзагоев
82.6%
4Денис Черышев
82.3%
6Олег Саленко
80.3%
1Дмитрий Торбинский
79.9%
1Василий Березуцкий
79.3%
1Александр Мостовой
75.7%
2Владимир Бесчастных
74.1%
1Марио Фернандес
73.5%
Голы Футболист % Correct
1Константин Зырянов
71.7%
1Егор Титов
70.7%
1Александр Головин
68.1%
1Александр Кокорин
66.9%
1Фёдор Смолов
63.5%
1Роман Широков
62%
1Юрий Газинский
59.5%
1Дмитрий Кириченко
56.1%
1Дмитрий Булыкин
49.5%
1Денис Глушаков
44.6%
1Илья Цымбаларь
39.1%
1Александр Самедов
38.9%
1Дмитрий Радченко
30.3%
1Омари Тетрадзе
22.1%
Remove Ads.
Support Sporcle.
Get the best of Sporcle when you Go Orange. This ad-free experience offers more features, more stats, and more fun while also helping to support Sporcle. Thank you for becoming a member.

You're not logged in!

Compare scores with friends on all Sporcle quizzes.
OR
Log In

Sporcle TV

Today on Sporcle TV


Watch our educational content, quiz creation guides, and fun videos on Sporcle TV.

Show Comments

Extras

Created Jun 2, 2020ReportNominate
Tags:Football Quiz, Soccer Quiz

Top Quizzes Today


Score Distribution

Paid Content

Your Account Isn't Verified!

In order to create a playlist on Sporcle, you need to verify the email address you used during registration. Go to your Sporcle Settings to finish the process.

Report this User

Report this user for behavior that violates our Community Guidelines.

Details: